Documentos para la historia del Mx̌ico independiente 1808-1938

Detalles Bibliográficos
Formato: eBook
Lenguaje:español
Publicado: Ciudad de Mx̌ico: Cm̀ara de Diputados, 2010
Materias:
Acceso en línea:Acceso restringido

MARC

LEADER 00000nam a22000007a 4500
005 20171122181649.0
007 cr|||| ||||
008 171122s2010 mx |||||s|||| 00||0 spa d
020 |a 978-607-401-313-9 
035 |a 20803 
040 |a vLex 
090 |c 7236  |d 7236 
245 0 0 |a Documentos para la historia del Mx̌ico independiente 1808-1938  |h [Recurso electrn̤ico] 
256 |a Servicio en ln̕ea 
260 |a Ciudad de Mx̌ico:  |b Cm̀ara de Diputados,   |c 2010 
300 |a 1 recurso electrn̤ico (971p.) 
506 1 |a Disponible solo en los productos indicados  |d vLex Global  |d vLex Global (Academic Edition, excluding Law Schools)  |d vLex Global (U.S. Academic Edition, Law Schools)  |d vLex Global (U.S. Academic Edition, excluding Law Schools)  |d vLex Global (Academic Edition, Law Schools) 
650 0 4 |a Ciencias sociales  |z Mx̌ico 
740 0 |a vLex Libros (Servicio en ln̕ea) 
856 4 0 |u http://vlex.com/source/documentos-historia-mexico-independiente-1808-1938-20803  |z Acceso restringido 
942 |c BOOK 
999 0 |a Social sciences